| 000 | 02098nam a2200505Ii 4500 | ||
|---|---|---|---|
| 001 | DIGIBE0882 | ||
| 003 | NyNyDIG | ||
| 006 | m o d | ||
| 007 | cr ||||||||||| | ||
| 008 | 220216s2005 gw a ob 000 0 spa d | ||
| 035 | _a(OCoLC)1100463756 | ||
| 040 |
_aDGITA _beng _erda _epn _cDGITA |
||
| 020 |
_a9783964560049 _qeBook _qpdf |
||
| 020 |
_z9783865272034 _qVervuert |
||
| 020 |
_z9788484891932 _qIberoamericana |
||
| 043 |
_anccr--- _ancpn--- |
||
| 050 | 1 | 4 | _aF1545.3.S35 ebook |
| 082 | 0 | 4 | _a930 |
| 100 | 1 |
_aThiemer-Sachse, Ursula, _eauthor. |
|
| 245 | 1 | 3 |
_aUn asunto redondo : _breflexiones sobre las sociedades autóctonas en la región del Diquís/Costa Rica y Panamá, durante los últimos siglos antes de la conquista española y la importancia de las famosas bolas de piedra / _cUrsula Thiemer-Sachse. |
| 264 | 1 |
_aFrankfurt am Main : _bVervuert ; _aMadrid : _bIberoamericana, _c[2005] |
|
| 300 |
_a1 online resource : _billustrations. |
||
| 336 |
_atext _btxt _2rdacontent |
||
| 337 |
_acomputer _bc _2rdamedia |
||
| 338 |
_aonline resource _bcr _2rdacarrier |
||
| 347 |
_atext file _2rdaft |
||
| 347 | _bPDF | ||
| 490 | 1 |
_aBerliner Lateinamerika-Forschungen ; _vBd. 16 |
|
| 504 | _aIncludes bibliographical references. | ||
| 588 | 0 | _aOnline resource; title from PDF title page (Digitalia, viewed February 16, 2022) | |
| 650 | 0 |
_aIndian sculpture _zCosta Rica. |
|
| 650 | 0 |
_aIndian sculpture _zPanama. |
|
| 650 | 0 |
_aStone carving _zCosta Rica. |
|
| 650 | 0 |
_aStone carving _zPanama. |
|
| 651 | 0 |
_aCosta Rica _xAntiquities. |
|
| 651 | 0 |
_aPanama _xAntiquities. |
|
| 655 | 0 | _aElectronic books. | |
| 791 | 2 |
_aDigitalia (Firm), _edistributor. |
|
| 793 | 0 |
_gDigitalia eBook Collection: _aIberoamericana/Vervuert |
|
| 776 | 0 | 8 |
_iPrint version: _aThiemer-Sachse, Ursula. _tAsunto redondo. _dFrankfurt am Main : Vervuert ; Madrid : Iberoamericana, [2005] _z9788484891932 |
| 830 | 0 |
_aBerliner Lateinamerika-Forschungen ; _vBd. 16. |
|
| 856 | 4 | 0 |
_3Digitalia Hispánica _uhttps://www.digitaliapublishing.com/a/101748/ |
| 910 | _aPremium collection: 2022 | ||
| 942 | _cRAA | ||
| 999 |
_c268405 _d268405 |
||